[Event "DFMMLV 2017"]
[Site "Braunfels"]
[Date "2017.06.18"]
[Round "5"]
[White "Krausse, Vanessa"]
[Black "Zpevakova, Katerina"]
[Result "1-0"]
[WhiteElo "1600"]
[BlackElo "1912"]
[Annotator "NA RC"]
[PlyCount "157"]
[EventDate "2017.??.??"]
[EventType "team-tourn"]
[EventCountry "GER"]
[SourceTitle "playchess.com"]
[Source "ChessBase"]
[SourceQuality "1"]
[TimeControl "40/5400+30:1800+30"]

{[%evp 11,153,46,42,43,40,5,12,12,10,-2,7,-8,0,-20,-29,-30,-31,-40,-27,-48,-54,-61,-49,-83,-78,-130,-106,-237,32767,-226,32767,-138,-146,-138,-158,-167,32767,-117,-123,-116,32767,32767,-169,-295,-190,-190,-195,32767,-181,-218,-206,32767,32767,32767,32767,-167,32767,32767,32767,32767,309,357,333,32767,32767,32767,32767,323,368,32767,313,314,32767,400,436,32767,504,516,449,246,228,109,32767,32767,243,32767,32767,32767,32767,641,32767,706,655,477,200,489,470,391,470,733,554,733,32767,32767,1006,905,498,502,340,450,867,435,401,1482,1152,0,169,164,194,195,181,93,296,8,32767,32767,32767,32767,12851,12851,5701,6727,9543,10,12851,3646,865,1288,5409,29977,12851,29979,32767,12851]} 1. e4 {[%emt 0:00:00]} c5 {[%emt 0:00:05]} 2. Nf3 {[%emt 0:00:00]} e6 {[%emt 0:00:08]} 3. d4 {[%emt 0:00:19]} cxd4 {[%emt 0:00:06]} 4. Nxd4 {[%emt 0:00:09]} a6 {[%emt 0:00:14]} 5. Bd3 {[%emt 0:01:33]} Qc7 {[%emt 0:02:23]} 6. O-O {[%emt 0:01:48]} Nf6 {[%emt 0:00:12]} 7. Re1 {[%emt 0:01:13]} d6 {[%emt 0:00:41] LiveBook: 19 Games B42: Sicilian: Kan Variation: 5 Bd3} 8. Nd2 {[%emt 0:03:04]} (8. f4 Nbd7 9. Qf3 g6 10. Nd2 Bg7 11. c3 O-O 12. Nf1 b6 13. Ng3 Bb7 14. Rf1 h5 15. Bd2 {0-1 (30) Baghdasaryan,V (2406)-Pantsulaia,L (2595) Dubai 2012}) 8... Be7 {[%emt 0:00:30]} 9. N2f3 {[%emt 0:00:53]} Nbd7 {[%emt 0:00:57]} 10. Qe2 $146 {[%emt 0:03:57]} ({Predecessor:} 10. Nb3 O-O 11. Bd2 b6 12. c4 Bb7 13. Bc3 e5 14. Bb4 Nh5 15. g3 g6 {½-½ (27) Lorite Cruz,F (2198)-Garcia Paolicchi,R (2318) Collado Villalba 2000}) 10... O-O {[%emt 0:10:33]} 11. Bf4 {[%emt 0:09:56]} Ne5 {[%emt 0:07:01]} 12. Bxe5 {[%emt 0:01:49]} dxe5 {[%emt 0:00:11]} 13. Nb3 {[%emt 0:00:25]} b6 {[%emt 0:06:52]} 14. Rad1 {[%emt 0:05:05]} Bb7 {[%emt 0:01:43]} 15. Nbd2 {[%emt 0:02:17]} Nd7 {[%emt 0:03:06]} 16. Nc4 {[%emt 0:10:55]} b5 {[%emt 0:01:49]} 17. Ne3 {[%emt 0:01:40]} Nc5 {[%emt 0:03:14]} 18. Ng4 {[%emt 0:03:15]} f6 {[%emt 0:05:46]} 19. Rd2 {[%emt 0:05:38]} (19. h3 $17 {is a better defense.}) 19... h5 {[%emt 0:08:27]} 20. Ne3 {[%emt 0:01:48]} Bxe4 {[%emt 0:03:03]} 21. Bxe4 {[%emt 0:01:32]} Nxe4 {[%emt 0:00:24]} 22. Rd3 {[%emt 0:00:55]} f5 {[%emt 0:01:27]} 23. Red1 {[%emt 0:01:14]} Rad8 {[%emt 0:01:50]} 24. Rxd8 {[%emt 0:01:39]} Rxd8 {[%emt 0:00:12]} 25. Rxd8+ {[%emt 0:00:20]} Bxd8 {[%emt 0:00:15]} 26. Qd3 {[%emt 0:01:14]} Bf6 {[%emt 0:00:54]} 27. Qa3 {[%emt 0:06:03]} (27. Qe2 {is a better defense.}) 27... Qd6 {[%emt 0:02:14]} 28. Qxd6 {[%emt 0:03:59]} Nxd6 {[%emt 0:00:07]} 29. b3 {[%emt 0:00:31]} g5 {[%emt 0:07:06]} 30. h3 {[%emt 0:03:59]} e4 {[%emt 0:00:40]} 31. Nd2 {[%emt 0:00:14]} Bd4 {[%emt 0:01:56]} 32. c4 {[%emt 0:01:29]} Kf7 {[%emt 0:09:31]} 33. Nc2 {[%emt 0:04:11]} e5 {[%emt 0:03:40]} 34. Kf1 {[%emt 0:00:47]} Ke7 {[%emt 0:01:09]} 35. Nb4 {[%emt 0:00:28]} Bc3 $2 {[%emt 0:01:28]} (35... g4 $17 {and life is bright.} 36. hxg4 hxg4) 36. Nd5+ {[%emt 0:00:21]} Kd7 {[%emt 0:03:01]} 37. Nxc3 {[%emt 0:01:03]} Kc6 {[%emt 0:00:07]} 38. cxb5+ {[%emt 0:01:05]} axb5 {[%emt 0:00:13]} 39. Ke2 {[%emt 0:01:57]} Kc5 {[%emt 0:00:26]} 40. Nf1 {[%emt 0:03:01]} Kd4 {[%emt 0:31:15]} 41. Kd2 {[%emt 0:31:50]} f4 {[%emt 0:02:11]} 42. a3 {[%emt 0:03:49]} g4 {[%emt 0:03:06]} 43. hxg4 {[%emt 0:13:05]} hxg4 {[%emt 0:00:24]} 44. g3 {[%emt 0:00:00]} Kc5 {[%emt 0:00:00]} 45. Nh2 {[%emt 0:00:00]} (45. b4+ $142 Kb6 46. gxf4 Nc4+ 47. Ke2) 45... e3+ {[%emt 0:00:00]} 46. fxe3 {[%emt 0:00:00]} fxg3 {[%emt 0:00:00]} 47. Nxg4 {[%emt 0:00:00]} b4 {[%emt 0:00:00]} 48. axb4+ {[%emt 0:00:00]} Kxb4 {[%emt 0:00:00]} 49. Kc2 {[%emt 0:00:00]} Ne4 {[%emt 0:00:00]} 50. Ne2 {[%emt 0:00:00]} ({Don't blunder} 50. Nxe4 $2 g2 $19) 50... g2 {[%emt 0:00:00]} 51. Nxe5 {[%emt 0:00:00]} Ng3 {[%emt 0:00:00]} 52. Ng1 {[%emt 0:00:00]} Nf5 {[%emt 0:00:00]} 53. Ng4 {[%emt 0:00:00]} Ng3 {[%emt 0:00:00]} 54. Kb2 {[%emt 0:00:00]} Ne4 {[%emt 0:00:00]} 55. Ne5 {[%emt 0:00:00]} Nc5 {[%emt 0:00:00]} 56. Nc6+ {[%emt 0:00:00]} Kb5 {[%emt 0:00:00]} 57. Nd4+ {[%emt 0:00:00]} Kb4 {[%emt 0:00:00]} 58. Nc2+ {[%emt 0:00:00]} Kb5 {[%emt 0:00:00]} 59. Ka3 {[%emt 0:00:00]} Nd3 {[%emt 0:00:00]} 60. Nd4+ {[%emt 0:00:00]} Kc5 {[%emt 0:00:00]} 61. Ndf3 {[%emt 0:00:00]} Kd5 {[%emt 0:00:00]} 62. Nh4 {[%emt 0:00:00]} Ne1 {[%emt 0:00:00]} 63. b4 $2 {[%emt 0:00:00]} (63. Ka4 $18 Ke4 64. b4) 63... Nc2+ {[%emt 0:00:00] [#]} 64. Ka4 $1 {[%emt 0:00:00]} Nxe3 {[%emt 0:00:00]} 65. b5 {[%emt 0:00:33]} ({Not} 65. Nxg2 Nxg2 66. Nf3 Ne3 $11) 65... Kc5 {[%emt 0:01:09] [#]} 66. Ka5 $1 {[%emt 0:01:51]} ({Reject} 66. Nxg2 $6 Nc4 $11) 66... Nd5 {[%emt 0:00:45] [#]} (66... Nc4+ $16 {was worth a try.} 67. Ka6 Nb6) 67. Nxg2 $2 {[%emt 0:01:05]} (67. Nhf3 $1 $18) 67... Kd6 {[%emt 0:02:48]} 68. Nf3 {[%emt 0:00:23]} Kc7 {[%emt 0:00:19]} 69. Nd4 {[%emt 0:01:06]} Kb7 $2 {[%emt 0:00:36]} (69... Kb8 $11) 70. Ne6 {[%emt 0:01:54]} Ka7 {[%emt 0:00:53]} 71. Nc5 {[%emt 0:00:32]} Kb8 {[%emt 0:00:40]} 72. Nd7+ $2 {[%emt 0:05:23]} (72. Ne1 $18 Kc7 73. Nc2) 72... Kb7 {[%emt 0:00:42]} 73. Ne1 {[%emt 0:00:26]} Kc7 {[%emt 0:01:02] [#]} 74. Nc5 $1 {[%emt 0:00:19]} Kb8 $18 {[%emt 0:00:21]} 75. Ned3 {[%emt 0:00:07]} Ka7 {[%emt 0:00:31]} 76. Nb4 {[%emt 0:00:05]} Nc7 {[%emt 0:02:06]} 77. Nc6+ {[%emt 0:00:11]} Ka8 {[%emt 0:00:22]} 78. b6 {[%emt 0:00:10]} Ne6 {[%emt 0:01:10]} 79. b7# {[%emt 0:00:11]} 1-0